[Event "FSGM August"]
[Site "Budapest HUN"]
[Date "2007.08.16"]
[Round "11"]
[White "Bromberger,S"]
[Black "Bui Vinh"]
[Result "1/2-1/2"]
[WhiteElo "2500"]
[BlackElo "2466"]

1.e4 c5 2.Nf3 e6 3.d4 cxd4 4.Nxd4 Nc6 5.Nc3 Qc7 6.Be3 a6 7.Qd2 Nf6 8.O-O-O Bb4
9.f3 Na5 10.Kb1 Bxc3 11.Qxc3 Qxc3 12.bxc3 d5 13.e5 Nd7 14.f4 b5 15.Nb3 Nc6
16.Be2 O-O 17.Kb2 Rb8 18.Ra1 Nb6 19.Bxb6 Rxb6 20.a4 b4 21.c4 dxc4 22.Bxc4 Ne7
23.Rhd1 Nf5 24.Rd3 h5 25.Na5 g6 26.Rad1 Re8 27.g3 Kg7 28.Kb3 Re7 29.Rd8 Rc7
30.Re8 Bd7 31.Rd8 Bc6 32.R1d2 Be4 33.Re8 Bc6 34.Nxc6 Rbxc6 35.Rdd8 Nh6 36.Bd3 a5
37.Kb2 f5 38.Rd6 Kf7 39.Rexe6 Rxd6 40.Rxd6 Ng4 41.h4 Ne3 42.Rf6+ Kg7 43.Ra6 Rc5
44.Ra7+ Kf8 45.e6 Nd1+ 46.Kb3 Rc3+ 47.Ka2 b3+ 48.cxb3 Rxd3 49.Rxa5 Ke7 50.Re5 Rxg3
51.a5 Re3 52.Rxe3 Nxe3 53.a6 Nd5 54.a7 Nc7 55.Kb2 Kxe6 56.Kc2 Kd5 57.Kd3 Kc5
58.Ke3 Na8 59.Kd3 Nb6 60.Kc3 Nd5+ 61.Kd3 Nc7 62.Ke3 Kd6 63.Kd3 Kc6 64.Kd4 Nb5+
65.Ke5 Nxa7 66.Kf6 Kd5 67.Kxg6 Ke6 68.b4 Nb5 69.Kxh5 Kf6 70.Kh6 Nc7 71.h5 Nb5
72.Kh7 Kf7 73.h6  1/2-1/2

[Event "TCh-ESP CECLUB Norte Div 1"]
[Site "Sabadell ESP"]
[Date "2007.08.16"]
[Round "2"]
[White "Jansa,Vl"]
[Black "Rivera,D"]
[Result "1/2-1/2"]
[WhiteElo "2494"]
[BlackElo "2340"]

1.e4 c5 2.Nf3 e6 3.Nc3 Nc6 4.d4 cxd4 5.Nxd4 Nf6 6.g3 d5 7.Bg2 dxe4 8.Nxc6 Qxd1+
9.Kxd1 bxc6 10.Nxe4 Nxe4 11.Bxe4 Bb7 12.c3 O-O-O+ 13.Kc2 Bc5 14.Be3 Bxe3
15.fxe3 c5 16.Bxb7+ Kxb7 17.Rad1 Kc6 18.Rhf1 f5 19.Rf4 g5 20.Ra4 Kb6 21.b4 Rxd1
22.Kxd1 Rd8+ 23.Kc2 c4 24.Ra5 Rd5 25.Rxd5 exd5 26.a4 a5 27.b5 g4  1/2-1/2

[Event "TCh-ESP CECLUB Norte Div 1"]
[Site "Sabadell ESP"]
[Date "2007.08.16"]
[Round "2"]
[White "Aguera Naredo,J"]
[Black "De la Riva Aguado,O"]
[Result "0-1"]
[WhiteElo "2393"]
[BlackElo "2533"]

1.e4 c5 2.Nf3 e6 3.d4 cxd4 4.Nxd4 Nc6 5.Nc3 Qc7 6.Be2 a6 7.O-O Nf6 8.Be3 Bb4
9.Na4 O-O 10.Nxc6 bxc6 11.Nb6 Rb8 12.Nxc8 Rfxc8 13.Bxa6 Rf8 14.Bd3 Bd6 15.Kh1 Be5
16.c3 Rxb2 17.Bc5 Rfb8 18.Ba3 R2b7 19.Qd2 Bd6 20.e5 Bxa3 21.exf6 Qe5 22.fxg7 Bb2
23.Rad1 Bxc3 24.Qh6 Qxg7 25.Qh3 f5 26.f4 Kh8 27.Rf3 Bf6 28.Rg3 Qf7 29.Qh6 Rb2
30.a4 Ra2 31.h3 Bg7 32.Qh4 Rxa4 33.Be2 Rd4 34.Rgd3 c5 35.g4 fxg4 36.Rxd4 Bxd4  0-1

[Event "TCh-ESP CECLUB Norte Div 1"]
[Site "Sabadell ESP"]
[Date "2007.08.16"]
[Round "3"]
[White "Fernandez Aguado,E"]
[Black "Jansa,Vl"]
[Result "0-1"]
[WhiteElo "2365"]
[BlackElo "2494"]

1.e4 c5 2.Nf3 e6 3.d4 cxd4 4.Nxd4 Nc6 5.Nc3 a6 6.g3 d6 7.Bg2 Qc7 8.O-O Nf6
9.Nde2 Be7 10.b3 O-O 11.Bb2 b5 12.a3 Bb7 13.h3 Rfd8 14.g4 d5 15.exd5 b4 16.Ne4 Nxd5
17.Qc1 bxa3 18.Bxa3 Ncb4 19.c4 Nf6 20.Nxf6+ Bxf6 21.Bxb7 Qxb7 22.Rb1 Rd3
23.Ng3 Rad8 24.c5 Bd4 25.Ne2 Rxh3 26.c6 Nxc6 27.Kg2 Rd3 28.f3 Be3 29.Qc4 Ne5
30.Qb4 Qd5 31.Nc3 Qc6 32.Rbd1 Bd2 33.Rf2  0-1

[Event "Acropolis Open"]
[Site "Athens GRE"]
[Date "2007.08.17"]
[Round "4"]
[White "Pavlidis,Ana"]
[Black "Khetsuriani,B"]
[Result "0-1"]
[WhiteElo "2182"]
[BlackElo "2367"]

1.e4 c5 2.Nf3 e6 3.d4 cxd4 4.Nxd4 Nc6 5.Nc3 Nf6 6.Ndb5 d6 7.Bf4 e5 8.Bg5 a6
9.Na3 b5 10.Bxf6 gxf6 11.Nd5 f5 12.Bd3 Be6 13.c3 Bg7 14.Nxb5 axb5 15.Bxb5 Bd7
16.exf5 O-O 17.O-O Rb8 18.a4 Qg5 19.f4 exf4 20.Rxf4 Kh8 21.h4 Qg3 22.Rg4 Qe5
23.Rg5 f6 24.Rh5 Be8 25.Nc7 Bxh5 26.Qxh5 Ne7 27.Ne6 Rg8 28.Rf1 Nd5 29.Nd4 Qe3+
30.Kh1 Qh6 31.Qxh6 Bxh6 32.Nc6 Rb7 33.Rd1 Ne3 34.Rxd6 Rxg2 35.Rd8+ Rg8 36.Rxg8+ Kxg8
37.Nd4 Nd1 38.c4 Be3 39.Ne6 Nxb2 40.c5 Ra7 41.c6 Bb6 42.Kg2 Nxa4 43.c7 Bxc7
44.Nxc7 Rxc7 45.Bxa4 Kf8 46.Bd1 Rc3 47.Bf3 Ke7 48.Kg3 Kd6 49.Kg4 Ke5 50.Be2 Re3
51.Bd1 Re1 52.Bc2 Rc1 53.Bd3 Rd1 54.Bc2 Rd2 55.Bb1 Kd4 56.Kf3 Rh2 57.Be4 Rxh4  0-1

[Event "5th Staunton Mem"]
[Site "London ENG"]
[Date "2007.08.17"]
[Round "10"]
[White "Houska,Jo"]
[Black "Smeets,J"]
[Result "1/2-1/2"]
[WhiteElo "2401"]
[BlackElo "2538"]

1.e4 c5 2.Nf3 e6 3.d4 cxd4 4.Nxd4 Nc6 5.Nc3 d6 6.Be3 Nf6 7.Be2 Be7 8.O-O O-O
9.f4 Bd7 10.a4 Nxd4 11.Qxd4 Bc6 12.b4 e5 13.Qd3 exf4 14.Rxf4 Nd7 15.Bd4 Ne5
16.Qg3 Bg5 17.Rf5 Bh4 18.Qe3 Bd7 19.Rff1 Nc6 20.Nd5 Nxd4 21.Qxd4 Be6 22.Kh1 Rc8
23.c4 a5 24.bxa5 Bxd5 25.Qxd5 Bf6 26.Ra3 Qe7 27.Rb3 Rc5 28.Qxb7 Qxb7 29.Rxb7 Rxa5
30.Bd1 Bd4 31.g3 g6 32.Rb5 Rfa8 33.Rb7 Rf8 34.Bb3 Ra7 35.Rxa7 Bxa7 36.c5 dxc5
37.Rf6 Kg7 38.Ra6 Rb8 39.Bd5 Rb1+ 40.Kg2 Bb8 41.a5 Ra1 42.Ra8 Bc7 43.a6 Bb6
44.Kf3 Ra4 45.Bc6 Ra3+ 46.Ke2 c4 47.Bb5 Ra2+ 48.Kd1 c3 49.Rc8 Rd2+ 50.Kc1 Rb2
51.Ba4 Be3+ 52.Kd1 Ra2 53.Bc2 Bg1 54.h3 Rxa6 55.Rxc3 Rf6 56.Ke1 Bb6 57.Rb3 h5
58.Bd1 Bc7 59.Rf3 Rxf3 60.Bxf3 Bxg3+ 61.Kf1 Kf6 62.Bd1  1/2-1/2

[Event "Open A"]
[Site "Polanica Zdroj POL"]
[Date "2007.08.17"]
[Round "1"]
[White "Tomczak,J"]
[Black "Panas,P"]
[Result "1-0"]
[WhiteElo "2448"]
[BlackElo "2226"]

1.e4 c5 2.Nf3 e6 3.d4 cxd4 4.Nxd4 Nc6 5.Nc3 d6 6.Be3 Nf6 7.Be2 Be7 8.O-O O-O
9.f4 e5 10.Nb3 exf4 11.Rxf4 Be6 12.Qe1 Nd7 13.Qg3 Bf6 14.Rff1 Nde5 15.Rad1 Qe7
16.Nd5 Bxd5 17.exd5 Nb4 18.c3 Na6 19.Nd4 Kh8 20.Nf5 Qd8 21.Bxa6 bxa6 22.Bd4 Rb8
23.b3 Rb7 24.c4 Re8 25.Rde1 Qb8 26.Kh1 Rd7 27.Re3 g6 28.Nxd6 Qxd6 29.Rxf6 Qxf6
30.Bxe5 Rxe5 31.Qxe5 Kg7 32.g3 a5 33.Kg2 Qxe5 34.Rxe5 Kf6 35.Re8 a4 36.b4 a3
37.Kf3 Rb7 38.d6  1-0

[Event "Romanian Open"]
[Site "Predeal ROM"]
[Date "2007.08.17"]
[Round "8"]
[White "Berescu,A"]
[Black "Filip,L"]
[Result "0-1"]
[WhiteElo "2511"]
[BlackElo "2400"]

1.e4 c5 2.Nf3 e6 3.d4 cxd4 4.Nxd4 Nc6 5.Nc3 Qc7 6.Be3 Nf6 7.Qd2 a6 8.O-O-O b5
9.Bf4 e5 10.Nxc6 exf4 11.e5 dxc6 12.exf6 Be6 13.Ne4 Bd5 14.Qc3 O-O-O 15.Bd3 g6
16.Rhe1 a5 17.a3 b4 18.Ba6+ Kb8 19.Qd3 f3 20.gxf3 Bh6+ 21.Kb1 Ba2+ 22.Kxa2 Rxd3
23.Rxd3 Rd8 24.Nc5 Bf8 25.Ne4 Rxd3 26.Bxd3 bxa3 27.bxa3 Qxh2 28.Ng3 Kc7 29.Re8 Bd6
30.Ne4 Qf4 31.Ra8 Be5 32.Rxa5 h5 33.Ra7+ Kb6 34.Ra6+ Kb7 35.Ra4 Qc1 36.Rb4+ Kc7
37.Rb1 Qf4 38.Nc5 Qd4 39.Rb7+ Kc8 40.Ba6 Qa1+ 41.Kb3 Qc3+ 42.Ka4 Qxc2+ 43.Nb3 Bc7
44.Rb4+ Kd7 45.Rd4+ Bd6 46.Bc4 Kc7 47.Bxf7 Qb2  0-1

[Event "14th Ordix Open"]
[Site "Mainz GER"]
[Date "2007.08.18"]
[Round "1"]
[White "Wyss,P"]
[Black "Navara,D"]
[Result "0-1"]
[WhiteElo "2091"]
[BlackElo "2656"]

1.e4 c5 2.Nf3 e6 3.d4 cxd4 4.Nxd4 Nc6 5.Nc3 Qc7 6.Be3 Nf6 7.Be2 Be7 8.Qd2 a6
9.O-O O-O 10.f4 d6 11.Nxc6 bxc6 12.Rf2 Rd8 13.Raf1 Rb8 14.b3 d5 15.e5 d4
16.Bxd4 c5 17.exf6 Bxf6 18.Kh1 Bxd4 19.Rf3 Bb7 20.Rd3 a5 21.Na4 Be4 22.Rh3 f5
23.Bd3 Qc6 24.Bxe4 fxe4 25.c3 Bf6 26.Qe2 c4 27.Qh5 h6 28.Nc5 Rd5  0-1

[Event "14th Ordix Open"]
[Site "Mainz GER"]
[Date "2007.08.18"]
[Round "3"]
[White "Berend,F"]
[Black "Navara,D"]
[Result "0-1"]
[WhiteElo "2346"]
[BlackElo "2656"]

1.e4 c5 2.Nc3 e6 3.Nf3 Nc6 4.d4 cxd4 5.Nxd4 Qc7 6.Be3 a6 7.Qd2 Nf6 8.O-O-O b5
9.f3 Bb7 10.Kb1 Rc8 11.Nb3 Bb4 12.Bc5 Bxc5 13.Nxc5 Na5 14.Nxb7 Nxb7 15.Qd4 O-O
16.Bd3 e5 17.Qb4 Nc5 18.a4 a5 19.Qxb5 Rb8 20.Qc4 Rb4 21.Nd5 Nxd5 22.Qxd5 Nxa4
23.Kc1 Nxb2 24.Rd2 Qc3 25.Qa2 Ra4 26.Qb1 Ra1 27.Qxa1 Nxd3+ 28.Kb1 Rb8+  0-1

[Event "Petrovskaya Ladya GM"]
[Site "Peterhof RUS"]
[Date "2007.08.18"]
[Round "8"]
[White "Lovkov,R"]
[Black "Kashtanov,R"]
[Result "1-0"]
[WhiteElo "2435"]
[BlackElo "2352"]

1.e4 c5 2.Nf3 e6 3.d4 cxd4 4.Nxd4 Nc6 5.Nc3 d6 6.Nxc6 bxc6 7.Bd3 e5 8.O-O Nf6
9.Na4 Be7 10.c4 O-O 11.Nc3 Be6 12.Qe2 Qb8 13.Bg5 Bd8 14.c5 Nd7 15.Bxd8 Rxd8
16.cxd6 Nc5 17.Rfd1 Rxd6 18.Bc4 Rd4 19.Bxe6 Nxe6 20.Rd2 Qd6 21.Rad1 Rd8 22.Rxd4 exd4
23.Qc4 Qe5 24.Qxc6 f5 25.exf5 Qxf5 26.Qe4 Qf7 27.Ne2 Qf6 28.Ng3 g6 29.h3 Nf4
30.Ne2 Ne6 31.Nc1 Nc5 32.Qc2 Qd6 33.b4 Ne6 34.Nb3 Qd5 35.Re1 Kg7 36.Qe2 Kf6
37.Nxd4  1-0

[Event "TCh-ESP CECLUB Norte Div 1"]
[Site "Sabadell ESP"]
[Date "2007.08.18"]
[Round "5"]
[White "Baklan,V"]
[Black "De la Riva Aguado,O"]
[Result "1/2-1/2"]
[WhiteElo "2648"]
[BlackElo "2533"]

1.e4 c5 2.Nf3 e6 3.Nc3 Nc6 4.d4 cxd4 5.Nxd4 Qc7 6.g3 a6 7.Bg2 d6 8.O-O Bd7
9.a4 Nf6 10.Nb3 Be7 11.a5 Ne5 12.f4 Nc4 13.Qe2 O-O 14.g4 h6 15.Kh1 Nh7 16.Rf3 g5
17.Rh3 Kg7 18.Qf2 Rae8 19.Bf1 gxf4 20.Bxf4 Ng5 21.Rh5 f6 22.h4 Nxb2 23.Qd2 Rc8
24.hxg5 Qxc3 25.gxf6+ Rxf6 26.e5 Rg6 27.exd6 Qxd2 28.Nxd2 Bf6 29.Bg2  1/2-1/2

[Event "TCh-ESP CECLUB Norte Div 1"]
[Site "Sabadell ESP"]
[Date "2007.08.18"]
[Round "5"]
[White "Alonso Moyano,J"]
[Black "Almeida Quintana,O"]
[Result "1/2-1/2"]
[WhiteElo "2372"]
[BlackElo "2501"]

1.e4 c5 2.Nf3 e6 3.d4 cxd4 4.Nxd4 Nc6 5.Nc3 a6 6.g3 Qc7 7.Bg2 b5 8.O-O Bb7
9.Re1 Bc5 10.Nb3 Bb4 11.Bd2 Be7 12.Nd5 exd5 13.exd5 Nd8 14.Ba5 Qb8 15.d6 Ne6
16.dxe7 Bxg2 17.Kxg2 Qb7+ 18.Qf3  1/2-1/2

[Event "VIII Open"]
[Site "Tarragona ESP"]
[Date "2007.08.18"]
[Round "1"]
[White "Martinez Llobet,J"]
[Black "Del Rio Angelis,S"]
[Result "0-1"]
[WhiteElo "1883"]
[BlackElo "2506"]

1.e4 c5 2.Nf3 Nc6 3.d4 cxd4 4.Nxd4 e6 5.Nc3 d6 6.Be3 Nf6 7.f3 a6 8.Qd2 Be7
9.Bc4 O-O 10.g4 Nxd4 11.Bxd4 b5 12.Bb3 Rb8 13.a3 Nd7 14.O-O Nb6 15.Ne2 Qc7
16.Qc3 Qxc3 17.Bxc3 e5 18.Rad1 Be6 19.Bb4 Rfd8 20.Nc3 Rd7 21.Nd5 Bxd5 22.Bxd5 Nc4
23.Bxc4 bxc4 24.Bc3 f6 25.Rd5 Kf7 26.Rfd1 Ke6 27.Kg2 g6 28.h3 Rdb7 29.Ra5 Rb6
30.Ra4 Rc6 31.Rb4 Rf8 32.Rb7 f5 33.Rf1 h5 34.Bd2 Rf7 35.Rb8 Rf8 36.Rxf8 Bxf8
37.Bb4 Rb6 38.Bc3 Rb8 39.Rd1 Be7 40.Rd5 Bd8 41.Rd1 Bc7 42.gxh5 gxh5 43.Kh2 Rg8
44.Rg1 Rxg1 45.Kxg1 d5 46.exd5+ Kxd5 47.Kf2 e4 48.fxe4+ Kxe4 49.b3 cxb3 50.cxb3 Kd3
51.Bf6 Bd6 52.b4 Kc4 53.Bb2 Bf4 54.Ke2 Kb3 55.Bd4 Bc1 56.Bc5 Bxa3 57.b5 axb5  0-1

[Event "Petrovskaya Ladya GM"]
[Site "Peterhof RUS"]
[Date "2007.08.19"]
[Round "10"]
[White "Zagrebelny,S"]
[Black "Kashtanov,R"]
[Result "0-1"]
[WhiteElo "2482"]
[BlackElo "2352"]

1.e4 c5 2.Nf3 e6 3.d4 cxd4 4.Nxd4 Nc6 5.Nc3 d6 6.Be2 Nf6 7.O-O Be7 8.Be3 O-O
9.f4 e5 10.Nxc6 bxc6 11.Kh1 Nd7 12.f5 Bb7 13.Bf3 Nf6 14.Qe1 d5 15.exd5 cxd5
16.Rd1 Qb8 17.Qg3 Rd8 18.Bh6 Bf8 19.Bg5 e4 20.Bf4 Qc8 21.Be2 Qc5 22.Be5 Bd6
23.Bxd6 Rxd6 24.b4 Qc6 25.Nb5 Rd7 26.Nd4 Qc7 27.Qe3 Qe5 28.a4 Rc7 29.Rb1 Rac8
30.Rb3 Rxc2 31.Nxc2 Rxc2 32.Qxa7 Rxe2 33.Qxb7 h5 34.Qc8+ Kh7 35.Qc5 Ng4 36.Rg3 e3
37.f6 Rf2 38.Re1 Qf5 39.Kg1 Rc2 40.Rf3 Qg6 41.Qf8 Nxf6 42.Rg3 Ng4 43.h3 Qf6
44.hxg4 Qf2+ 45.Kh2 h4 46.Rexe3 Rc1  0-1

[Event "TCh-ESP CECLUB Norte Div 1"]
[Site "Sabadell ESP"]
[Date "2007.08.19"]
[Round "6"]
[White "Baron Rodriguez,Je"]
[Black "Jansa,Vl"]
[Result "0-1"]
[WhiteElo "2424"]
[BlackElo "2494"]

1.e4 c5 2.Nf3 e6 3.d4 cxd4 4.Nxd4 Nc6 5.Nc3 a6 6.Be2 d6 7.O-O Nf6 8.Be3 Be7
9.f4 O-O 10.Qe1 Nxd4 11.Bxd4 b5 12.a3 Bb7 13.Qg3 g6 14.Bf3 a5 15.Nxb5 Nxe4
16.Qe1 f5 17.c4 Rf7 18.Kh1 Rc8 19.Rc1 Bf8 20.Qe3 Qh4 21.Bxe4 fxe4 22.Qd2 a4
23.Be3 Rd8 24.f5 exf5 25.Bg5 Qg4 26.h3 e3 27.Bxe3 Qxh3+ 28.Kg1 Bxg2 29.Rfe1 Be4
30.Qh2 Qg4+ 31.Kf2 f4 32.Bb6 Qf3+ 33.Kg1 Re8 34.Nd4 Qg4+ 35.Kf2 Be7 36.Rcd1 Bh4+
37.Kf1 Bg3 38.Qh6 f3 39.Re3 Bf4  0-1

[Event "X Open"]
[Site "Banyoles ESP"]
[Date "2007.08.21"]
[Round "6"]
[White "Picard,Ro"]
[Black "Lapshun,Y"]
[Result "1/2-1/2"]
[WhiteElo "2309"]
[BlackElo "2479"]

1.e4 c5 2.Nf3 e6 3.d4 cxd4 4.Nxd4 Nc6 5.Nc3 Qc7 6.Be2 a6 7.O-O b5 8.Be3 Bb7
9.Nxc6 Bxc6 10.Bf3 Bd6 11.g3 Nf6 12.Re1 O-O 13.Bd4 Be5 14.a3 d6 15.Bg2 Rfe8
16.h3 Rac8 17.Qd2 Nd7 18.Rad1 Red8 19.Re3 Nb6 20.b3 Be8 21.Ne2 Bxd4 22.Nxd4 Qc5
23.Qa5 Kf8 24.c3 Qc7 25.Red3 Nd5 26.Qxc7 Nxc7 27.f4 Ke7 28.e5 d5 29.b4 Na8
30.Nb3 Nb6 31.Nc5 Nc4 32.Ra1 a5 33.Rdd1 Nb2 34.Rdc1 Na4 35.Nxa4 bxa4 36.Bf1 axb4
37.cxb4 d4 38.Kf2 f6 39.Bd3 Rc3 40.Rxc3 dxc3 41.exf6+ gxf6 42.Ke3 Bd7 43.Rc1 Rg8
44.g4 h5 45.Be2 hxg4 46.hxg4 Rc8 47.Ba6  1/2-1/2

[Event "1st Serbian League Men"]
[Site "Zlatibor SRB"]
[Date "2007.08.21"]
[Round "1"]
[White "Predojevic,B"]
[Black "Markus,Rob"]
[Result "1/2-1/2"]
[WhiteElo "2628"]
[BlackElo "2586"]

1.e4 c5 2.Nf3 e6 3.d4 cxd4 4.Nxd4 Nc6 5.Nc3 Qc7 6.Be2 Nf6 7.Be3 Be7 8.f4 d6
9.g4 a6 10.g5 Nd7 11.Qd2 b5 12.a3  1/2-1/2

[Event "Independence Cup A"]
[Site "Kyiv UKR"]
[Date "2007.08.22"]
[Round "10"]
[White "Kruglyakov,P"]
[Black "Zontakh,A"]
[Result "0-1"]
[WhiteElo "2336"]
[BlackElo "2545"]

1.e4 c5 2.Nf3 e6 3.d4 cxd4 4.Nxd4 Nc6 5.Nc3 d6 6.g4 a6 7.Be3 Nge7 8.Nb3 b5
9.f4 Bb7 10.Bg2 Ng6 11.O-O Be7 12.Qe2 b4 13.Na4 e5 14.fxe5 Ncxe5 15.Nb6 Rb8
16.Rad1 O-O 17.Nd5 Bg5 18.h3 Bxe3+ 19.Nxe3 Qb6 20.Nd4 Rfe8 21.Qf2 Qc7 22.h4 Nf8
23.h5 Ne6 24.h6 Nxd4 25.Rxd4 Re6 26.hxg7 Rg6 27.Qf4 Bc8 28.g5 Be6 29.Kh1 Qd8
30.Rfd1 Qxg5 31.Qxg5 Rxg5 32.Rxd6 a5 33.Rd8+ Rxd8 34.Rxd8+ Kxg7 35.b3 h5
36.Rd2 h4 37.Rf2 h3 38.Bf1 Rg3 39.Nf5+ Bxf5 40.Rxf5 Nf3  0-1

[Event "Open A"]
[Site "Polanica Zdroj POL"]
[Date "2007.08.22"]
[Round "6"]
[White "Butkiewicz,L"]
[Black "Kuciel,W"]
[Result "1/2-1/2"]
[WhiteElo "2269"]
[BlackElo "2162"]

1.e4 c5 2.Nf3 e6 3.d4 cxd4 4.Nxd4 Nc6 5.Nc3 Qc7 6.Be3 a6 7.Bd3 Nf6 8.O-O Ne5
9.h3 d6 10.f4 Ng6 11.Qf3 Be7 12.g4 h6 13.Qg3 b5 14.f5 Ne5 15.Nce2 Nc4 16.fxe6 Bxe6
17.Nxe6 fxe6 18.Nd4 Nxe3 19.Qxe3 Qc5 20.Rae1 Kd7 21.c3 Rhf8 22.e5 Nd5 23.Qe4 Nc7
24.exd6 Qxd6 25.Qg2 Bh4 26.Rd1 Nd5 27.Nf5 Qc5+ 28.Kh1 exf5 29.Rxf5 Rxf5 30.Bxf5+ Kc6
31.Rxd5 Qf2 32.Be4 Kc7 33.Qxf2 Bxf2 34.Kg2 Rf8 35.Bf5 Kc6 36.Re5 Bh4 37.Re6+ Kb7
38.Kf3 Rf7 39.Kg2 Re7 40.Rxe7+ Bxe7 41.Kf3 Kc6 42.Ke4 Bf6 43.Kd3 a5 44.b3 Kc5
45.a3 b4 46.cxb4+ axb4 47.a4 Kb6 48.Kc4 Ka5 49.Kd5 Kb6 50.Bd3 Ka5 51.Ke6  1/2-1/2

[Event "1st Serbian League Men"]
[Site "Zlatibor SRB"]
[Date "2007.08.23"]
[Round "3"]
[White "Nevednichy,V"]
[Black "Pavlovic,G1"]
[Result "1-0"]
[WhiteElo "2523"]
[BlackElo "2372"]

1.e4 c5 2.Nf3 e6 3.d4 cxd4 4.Nxd4 Nc6 5.Nc3 Qc7 6.f4 a6 7.Nb3 d6 8.Bd3 Nf6
9.O-O Be7 10.Qf3 O-O 11.Bd2 Nb4 12.Kh1 Nxd3 13.cxd3 Bd7 14.Rac1 Bc6 15.Nd4 Qb6
16.Nxc6 bxc6 17.b3 Rac8 18.f5 exf5 19.Qxf5 Qd4 20.Bg5 Qe5 21.Na4 Qxf5 22.Rxf5 Bd8
23.Bxf6 Bxf6 24.Nb6 Rc7 25.Nd5 Rcc8 26.Nxf6+ gxf6 27.Rxf6 Rfd8 28.Kg1 c5
29.Rf5 Kg7 30.Kf2 a5 31.Rc4 Re8 32.Ra4 Ra8 33.Ke3 Re6 34.d4 cxd4+ 35.Kxd4 Rc8
36.Raxa5 Rc2 37.Ra7  1-0

[Event "1st Serbian League Men"]
[Site "Zlatibor SRB"]
[Date "2007.08.23"]
[Round "3"]
[White "Efimenko,Z"]
[Black "Markus,Rob"]
[Result "1/2-1/2"]
[WhiteElo "2624"]
[BlackElo "2586"]

1.e4 c5 2.Nf3 e6 3.d4 cxd4 4.Nxd4 Nc6 5.Nc3 Qc7 6.Be2 Nf6 7.O-O Be7 8.Be3 O-O
9.f4 d6 10.Kh1 Nxd4 11.Qxd4 b6 12.f5 Bb7 13.Rad1 Rac8 14.Bg5 Qc5 15.Qa4 Rc7
16.Bh4 Bc6 17.Qd4 Qxd4 18.Rxd4 Bb7 19.Bd3 a6 20.Bxf6 gxf6 21.a4 Rc5 22.Rb4 Bd8
23.Rc4 Kg7 24.Rd1  1/2-1/2

[Event "1st Serbian League Women"]
[Site "Zlatibor SRB"]
[Date "2007.08.23"]
[Round "3"]
[White "Manakova,M"]
[Black "Urosevic,M"]
[Result "1-0"]
[WhiteElo "2321"]
[BlackElo "2072"]

1.e4 c5 2.Nf3 e6 3.d4 cxd4 4.Nxd4 Nc6 5.Nc3 Qc7 6.Be2 a6 7.O-O Nf6 8.Kh1 h5
9.f4 Nxd4 10.Qxd4 b5 11.e5 Ng4 12.Bf3 Bb7 13.Bxb7 Qxb7 14.Ne4 Rc8 15.Qd3 h4
16.h3 Nh6 17.Bd2 Nf5 18.Kh2 Rh6 19.b3 Rg6 20.Rf3 Rc6 21.c4 Be7 22.cxb5 axb5
23.a4 b4 24.a5 Ra6 25.Qc4 d5 26.exd6 Nxd6 27.Nxd6+ Bxd6 28.Kh1 Rf6 29.Ra4 Rf5
30.Bxb4 Bxb4 31.Rxb4 Qa8 32.Qc7  1-0

[Event "Dato Arthur Tan Malaysian Op"]
[Site "Kuala Lumpur MAS"]
[Date "2007.08.24"]
[Round "8"]
[White "Wan Yunguo"]
[Black "Rahman,Zia"]
[Result "1/2-1/2"]
[WhiteElo "2386"]
[BlackElo "2522"]

1.e4 c5 2.Nf3 e6 3.d4 cxd4 4.Nxd4 Nc6 5.Nc3 Qc7 6.Be2 a6 7.O-O Nf6 8.Be3 Bb4
9.Na4 Be7 10.Nxc6 bxc6 11.Nb6 Rb8 12.Nxc8 Qxc8 13.Bd4 c5 14.Be5 Rb6 15.Qd3 d6
16.Bc3 O-O 17.b3 d5 18.exd5 Nxd5 19.Bb2 Rd8  1/2-1/2

[Event "1st Serbian League Men"]
[Site "Zlatibor SRB"]
[Date "2007.08.24"]
[Round "4"]
[White "Todorovic,J"]
[Black "Krstic,P"]
[Result "1-0"]
[WhiteElo "2409"]
[BlackElo "2327"]

1.e4 c5 2.Nf3 e6 3.d4 cxd4 4.Nxd4 Nc6 5.Nc3 Qc7 6.g3 a6 7.Bg2 d6 8.O-O Bd7
9.Nxc6 Bxc6 10.Re1 Be7 11.Qg4 h5 12.Qe2 Nf6 13.a4 h4 14.Bf4 e5 15.Bg5 hxg3
16.hxg3 Nh7 17.Be3 Bg5 18.Qd2 Bxe3 19.Rxe3 Rd8 20.Rd3 Nf6 21.Rd1 Ke7 22.Bf3 Rh6
23.Qg5 Qb6 24.Qd2 Ne8 25.b4 Nc7 26.Rb1 Kf8 27.a5 Qa7 28.Nd1 Nb5 29.Bg2 Rf6
30.Ne3 g6 31.Ng4 Re6 32.Re1 Kg8 33.Qg5 Rf8 34.Nh6+ Kh7 35.Bh3 f6 36.Qh4 g5
37.Qh5 Be8 38.Nf7+ Kg7 39.Qh6+ Kxf7 40.Qh7+  1-0

[Event "1st Serbian League Men"]
[Site "Zlatibor SRB"]
[Date "2007.08.24"]
[Round "4"]
[White "Solodovnichenko,Y"]
[Black "Damljanovic,B"]
[Result "0-1"]
[WhiteElo "2582"]
[BlackElo "2606"]

1.e4 c5 2.Nf3 e6 3.d4 cxd4 4.Nxd4 Nc6 5.Nc3 Qc7 6.Be3 a6 7.Qd2 Nf6 8.O-O-O Be7
9.f3 h5 10.Kb1 b5 11.Nxc6 dxc6 12.Qf2 e5 13.Be2 Rb8 14.Rd2 Be6 15.Rhd1 O-O
16.Ba7 Rb7 17.Bc5 Bxc5 18.Qxc5 Nd7 19.Qd6 Qa5 20.Qa3 Qxa3 21.bxa3 a5 22.Ka1 Nc5
23.Rd6 Rc7 24.Nb1 g6 25.c3 Kg7 26.Nd2 Nb7 27.Rd3 Kf6 28.Nf1 Ke7 29.Ne3 Rb8
30.R3d2 Nc5 31.c4 b4 32.axb4 axb4 33.Rb1 Ra7 34.Bd1 b3 35.Rbb2 Ra3 36.Re2 Rb4
37.Red2 Bxc4 38.Nxc4 Rxc4 39.Kb1 bxa2+ 40.Rxa2 Rb4+ 41.Rdb2 Rxa2 42.Kxa2 Rxb2+
43.Kxb2 h4 44.g3 hxg3 45.hxg3 Kd6 46.Kc3 g5 47.Kd2 f6 48.Ke3 Ne6 49.Bb3 Nd4
50.Bf7 Kc5 51.f4 Kb4 52.fxg5 fxg5 53.Kd3 c5 54.Bd5 Nb3 55.Be6 c4+ 56.Ke3 c3  0-1

[Event "NH Chess Tournament"]
[Site "Amsterdam NED"]
[Date "2007.08.25"]
[Round "4"]
[White "Stellwagen,D"]
[Black "Ljubojevic,L"]
[Result "1-0"]
[WhiteElo "2631"]
[BlackElo "2550"]

1.e4 c5 2.Nf3 e6 3.d4 cxd4 4.Nxd4 Nc6 5.Nc3 d6 6.Be3 Nf6 7.f3 d5 8.Bb5 Bd7
9.exd5 exd5 10.Qd2 a6 11.Ba4 Na5 12.O-O-O Bxa4 13.Nxa4 b5 14.Nf5 bxa4 15.Bg5 Nc6
16.Qe2+ Ne7 17.Rhe1 h6 18.Bxf6 gxf6 19.Ne3 d4 20.Nf5 Qd7 21.Qe4 Rd8 22.Rxd4 Qc7
23.Rxd8+ Kxd8 24.Rd1+  1-0

[Event "16th VR Bank Open"]
[Site "Apolda GER"]
[Date "2007.08.25"]
[Round "5"]
[White "Fuchs,Ju"]
[Black "Brock,F"]
[Result "0-1"]
[WhiteElo "2116"]
[BlackElo "2236"]

1.e4 c5 2.Nf3 e6 3.d4 cxd4 4.Nxd4 Nc6 5.Nc3 Qc7 6.Be2 a6 7.O-O b5 8.Nxc6 dxc6
9.Bf3 Bd6 10.g3 Bb7 11.Bg2 h5 12.a4 b4 13.Ne2 h4 14.a5 hxg3 15.hxg3 Nf6 16.Bf4 e5
17.Bg5 Ng4 18.c3 f6 19.Bd2 c5 20.cxb4 cxb4 21.Qb3 Qe7 22.Rac1 Bc8 23.Rfd1 Be6
24.Qa4+ Kf7 25.Be1 Bc5 26.Rc2 Rhd8 27.Rcd2 Rxd2 28.Rxd2 Rd8 29.Rxd8 Qxd8
30.Nc1 Bxf2+ 31.Bxf2 Qd2 32.Nd3 Qxd3 33.Qxb4 Qb1+ 34.Bf1 Qc2 35.Qb7+ Kg6
36.Qb6 Bc4 37.Qc5 Nxf2 38.Qxc4 Qxb2 39.Qxa6 Nxe4 40.Qd3 Qf2+ 41.Kh1 f5 42.Bg2 Nxg3+
43.Kh2 Ne2 44.Qd6+ Kg5 45.Qxe5 Qg1+  0-1

[Event "LNA Copa Puma"]
[Site "Argentina ARG"]
[Date "2007.08.25"]
[Round "3"]
[White "Lalanne,P"]
[Black "Della Morte,P"]
[Result "1/2-1/2"]
[WhiteElo "2219"]
[BlackElo "2283"]

1.e4 c5 2.Nf3 Nc6 3.d4 cxd4 4.Nxd4 e6 5.Nc3 Qc7 6.Be3 a6 7.Bd3 Nf6 8.O-O b5
9.Kh1 Bb7 10.f4 b4 11.e5 bxc3 12.exf6 cxb2 13.Rb1 gxf6 14.Rxb2 Nb4 15.Qb1 Rb8
16.Be2 Nd5 17.Bd2 Bd6 18.Bf3 O-O 19.Rb3 Qc4 20.Qa1 Kh8 21.Nf5 Be5 22.fxe5 exf5
23.exf6 Bc6 24.Bh6 Rfe8 25.Bxd5 Qxd5 26.Rg3 Re4 27.Qc1 Rg4 28.Qe3 Qe4 29.Qxe4 Bxe4
30.Rxg4 fxg4 31.Re1 Bxc2 32.Kg1 Bf5 33.Re3 Be6 34.a3 Rc8 35.Kf2 Kg8 36.h3 Rc4
37.hxg4 Rxg4 38.Rc3 d6 39.Rg3 Rg6  1/2-1/2

[Event "Rubinstein Mem"]
[Site "Polanica Zdroj POL"]
[Date "2007.08.25"]
[Round "8"]
[White "Czarnota,P"]
[Black "Laznicka,V"]
[Result "1/2-1/2"]
[WhiteElo "2575"]
[BlackElo "2594"]

1.e4 c5 2.Nf3 e6 3.d4 cxd4 4.Nxd4 Nc6 5.Nc3 a6 6.Be2 d6 7.O-O Nf6 8.Be3 Be7
9.f4 O-O 10.a4 Bd7 11.Nb3 b6 12.Bf3 Qc7 13.g4 Bc8 14.g5 Nd7 15.Bg2 Re8 16.Rf3 Na5
17.Rh3 g6 18.Qe1 Nc4 19.Bd4 e5 20.Nd5 Qd8 21.Bc3 Nf8 22.f5 gxf5 23.Qf1 Na5
24.Nxa5 bxa5 25.exf5 Bxg5 26.Be4 Kh8 27.Qg2 f6 28.Kh1 Nd7 29.Rg1 Bb7 30.Nxf6 Nxf6
31.Bxb7 Rb8 32.Qxg5 Rg8 33.Bxa5 Qf8 34.Qh6 Rxb7 35.Rxg8+ Kxg8 36.Rg3+ Kf7
37.Qxf8+ Kxf8 38.b3 Kf7 39.Kg2 Nd5 40.Kf3 Ne7 41.Ke4 d5+ 42.Kxe5 Nc6+ 43.Kxd5 Nxa5
44.Kc5 Kf6 45.b4 Nc6 46.Kxc6 Rxb4 47.a5 Kxf5 48.Rb3 Rc4+ 49.Kb6 Rxc2 50.h3 Ke6
51.Kxa6 Kd7 52.Rb7+ Kc8 53.Rxh7 Rc3 54.Kb5 Rf3 55.a6 Kb8 56.Rh6 Ka7 57.Kc4 Rg3
58.Kd4 Rb3 59.h4 Rb4+ 60.Kc5 Rf4 61.h5 Rf5+ 62.Kd4 Rg5 63.Ke4 Rc5 64.Kf4 Ka8
65.Kg4 Rc4+ 66.Kg5 Rc5+ 67.Kg6 Rc6+ 68.Kg7 Rc7+ 69.Kf8 Rc8+ 70.Ke7 Rc5 71.Kd6 Rf5
72.Rh7 Rg5 73.Kc6 Rf5 74.Kb6 Rf6+ 75.Kc7 Rf5 76.h6 Rf6 77.Kd7 Rg6 78.Ke8 Rc6
79.Kf8 Rc8+  1/2-1/2

[Event "XIX Open"]
[Site "Porto San Giorgio ITA"]
[Date "2007.08.25"]
[Round "5"]
[White "Trent,L"]
[Black "Sulava,N"]
[Result "1-0"]
[WhiteElo "2458"]
[BlackElo "2544"]

1.e4 c5 2.Nc3 e6 3.Nf3 Nc6 4.d4 cxd4 5.Nxd4 Nf6 6.Nxc6 bxc6 7.e5 Nd5 8.Ne4 Qc7
9.f4 Qb6 10.c4 Ne3 11.Qd3 Bb4+ 12.Bd2 Ba6 13.b3 O-O 14.Bxb4 Qxb4+ 15.Kf2 Nd5
16.Ng5 g6 17.g3 f6 18.exf6 Nxf6 19.Bh3 e5 20.Rhf1 exf4 21.Kg2 Rae8 22.Rxf4 Qc5
23.Nf3 Re3 24.Qd4 Re2+ 25.Kg1 Qe7 26.Rf1 c5 27.Qc3 Bb7 28.Ng5 Re3 29.Be6+ Qxe6
30.Nxe6 Rxc3 31.Nxf8 Ne4 32.Ne6 dxe6 33.Rf8+ Kg7 34.R8f7+ Kh6 35.Rxb7 Rc2
36.Rxa7 Ng5 37.a4 e5 38.Re7 e4 39.Re5 Nf3+ 40.Rxf3 exf3 41.h4 g5 42.hxg5+ Kg6
43.Rxc5 Rb2 44.Rb5 h5 45.a5  1-0